[Event "Queima das Fitas op"]
[Site "Coimbra"]
[Date "2022.04.23"]
[Round "2"]
[White "Coelho, Goncalo Cavaz"]
[Black "Bernardo, Daniel Madureira"]
[Result "1/2-1/2"]
[WhiteElo "1627"]
[BlackElo "2028"]
[PlyCount "63"]
[EventDate "2022.04.23"]
[EventType "swiss"]
[EventRounds "7"]
[EventCountry "POR"]
[SourceTitle "EXT 2023"]
[Source "ChessBase"]
[SourceDate "2022.10.05"]
[SourceVersion "1"]
[SourceVersionDate "2022.10.05"]
[SourceQuality "1"]

1. e4 c6 2. d4 d5 3. e5 c5 4. Nf3 Nc6 5. c3 Bg4 6. Be2 e6 7. 0-0 Nge7 8. h3 Bxf3 9. Bxf3 cxd4 10. cxd4 Qb6 11. Be3 Qxb2 12. Nd2 Qb6 13. Rb1 Qc7 14. Qb3 Rb8 15. Rfc1 h6 16. Qa4 Qa5 17. Bd1 Qd8 18. Be2 Qa5 19. Bb5 Kd8 20. Rxc6 Nxc6 21. Bxc6 Qxa4 22. Bxa4 a6 23. Bc2 Kc7 24. Bd3 Rc8 25. Nf3 Be7 26. Bd2 b6 27. a4 Kb7 28. Ne1 Rc6 29. Nc2 Rhc8 30. Nb4 Bxb4 31. Rxb4 Ka7 32. Rb1 1/2-1/2

[Event "POR-ch U14/20"]
[Site "Fatima"]
[Date "2022.04.13"]
[Round "6"]
[White "Pacetti Terra, Nicolas"]
[Black "Coelho, Goncalo Cavaz"]
[Result "1-0"]
[WhiteElo "1756"]
[BlackElo "1680"]
[PlyCount "65"]
[EventDate "2022.04.10"]
[EventType "swiss"]
[EventRounds "9"]
[EventCountry "POR"]
[SourceTitle "EXT 2023"]
[Source "ChessBase"]
[SourceDate "2022.10.05"]
[SourceVersion "1"]
[SourceVersionDate "2022.10.05"]
[SourceQuality "1"]

1. e4 e6 2. d3 d5 3. Nd2 Nf6 4. Ngf3 Nc6 5. c3 Bd6 6. Be2 0-0 7. 0-0 a5 8. Re1 Re8 9. Bf1 e5 10. exd5 Nxd5 11. Nc4 Bg4 12. Ne3 Nxe3 13. Bxe3 Qf6 14. Be2 h6 15. Nd2 Bxe2 16. Rxe2 Rad8 17. a4 Qg6 18. Nc4 Bf8 19. Rd2 f5 20. f3 f4 21. Bf2 b6 22. Qe2 Bd6 23. Qe4 Qxe4 24. dxe4 Kf7 25. Bxb6 Rb8 26. Nxd6+ cxd6 27. Bc7 Rb7 28. Bxd6 Rd8 29. Rad1 Rbd7 30. c4 Nd4 31. c5 Nb3 32. Rd5 Nd4 33. Bxe5 1-0

[Event "Maia op 5th"]
[Site "Maia"]
[Date "2021.09.02"]
[Round "4"]
[White "Andrade, Carlos Jorge da Sil"]
[Black "Coelho, Goncalo Cavaz"]
[Result "1-0"]
[WhiteElo "1938"]
[BlackElo "1384"]
[PlyCount "97"]
[EventDate "2021.08.30"]
[EventType "swiss"]
[EventRounds "7"]
[EventCountry "POR"]
[SourceTitle "CBM 204 Extra"]
[Source "ChessBase"]
[SourceDate "2021.11.30"]
[SourceVersion "1"]
[SourceVersionDate "2021.11.30"]
[SourceQuality "1"]

1. d4 Nf6 2. c4 e6 3. Nc3 Bb4 4. Qc2 d5 5. cxd5 Qxd5 6. Nf3 Qf5 7. Qxf5 exf5 8. a3 Bxc3+ 9. bxc3 0-0 10. e3 Re8 11. Be2 f4 12. 0-0 fxe3 13. fxe3 Nd5 14. Bc4 Be6 15. e4 Nxc3 16. d5 Bg4 17. Ng5 Nxe4 18. Nxf7 Nd6 19. Nxd6 cxd6 20. Bf4 Re4 21. Bxd6 Nd7 22. Rf4 Rxf4 23. Bxf4 Nb6 24. Bb3 Rd8 25. d6+ Kf8 26. h3 Bh5 27. Rf1 Ke8 28. g4 Bg6 29. Re1+ Kf8 30. Bg5 Rd7 31. Be7+ Ke8 32. Be6 Rxe7 33. dxe7 Kxe7 34. Bc8+ Kd6 35. Bxb7 Nc4 36. a4 Na5 37. Be4 Bf7 38. Bxh7 Bb3 39. Kf2 Nc6 40. Ra1 Kc5 41. Bf5 Kd6 42. Kg3 Ne7 43. Kf4 a5 44. h4 Nd5+ 45. Kg5 Ke7 46. Re1+ Kf8 47. Be6 Bc4 48. Bxd5 Bxd5 49. Re5 1-0

[Event "Maia op 5th"]
[Site "Maia"]
[Date "2021.09.01"]
[Round "3"]
[White "Coelho, Goncalo Cavaz"]
[Black "Paiva, Manuel Maria Fonse"]
[Result "1-0"]
[WhiteElo "1384"]
[BlackElo "1180"]
[PlyCount "27"]
[EventDate "2021.08.30"]
[EventType "swiss"]
[EventRounds "7"]
[EventCountry "POR"]
[SourceTitle "CBM 204 Extra"]
[Source "ChessBase"]
[SourceDate "2021.11.30"]
[SourceVersion "1"]
[SourceVersionDate "2021.11.30"]
[SourceQuality "1"]

1. e4 c5 2. Ne2 Nf6 3. Nbc3 d5 4. exd5 Nxd5 5. g3 b6 6. Bg2 Bb7 7. Ne4 Nc6 8. d4 cxd4 9. Nxd4 e5 10. Nb5 a6 11. Qxd5 Qxd5 12. Nc7+ Kd8 13. Nxd5 Nd4 14. Bg5+ 1-0

[Event "Maia op 5th"]
[Site "Maia"]
[Date "2021.08.31"]
[Round "2"]
[White "Guimaraes, Rui"]
[Black "Coelho, Goncalo Cavaz"]
[Result "1-0"]
[WhiteElo "2193"]
[BlackElo "1384"]
[PlyCount "49"]
[EventDate "2021.08.30"]
[EventType "swiss"]
[EventRounds "7"]
[EventCountry "POR"]
[SourceTitle "CBM 204 Extra"]
[Source "ChessBase"]
[SourceDate "2021.11.30"]
[SourceVersion "1"]
[SourceVersionDate "2021.11.30"]
[SourceQuality "1"]

1. e4 e6 2. d4 d5 3. Nd2 c5 4. exd5 Qxd5 5. Ngf3 cxd4 6. Bc4 Qd6 7. 0-0 Nf6 8. Qe2 Be7 9. Nb3 Nc6 10. Rd1 0-0 11. Nbxd4 Nxd4 12. Rxd4 Qb6 13. c3 Bc5 14. Rh4 h5 15. Ne5 Qc7 16. Bg5 Be7 17. Re1 g6 18. Qf3 Ng4 19. Bxe7 Nxe5 20. Qf6 Nxc4 21. Rxh5 gxh5 22. Qg5+ Kh7 23. Qxh5+ Kg7 24. Qg5+ Kh7 25. Re4 1-0

[Event "Gaia Profigaia op 18th"]
[Site "Vila Nova de Gaia"]
[Date "2018.07.01"]
[Round "7"]
[White "Fernandes, Tiago Joao Carneiro"]
[Black "Coelho, Goncalo Cavaz"]
[Result "1-0"]
[WhiteElo "1255"]
[BlackElo "1136"]
[PlyCount "63"]
[EventDate "2018.06.27"]
[EventType "swiss"]
[EventRounds "7"]
[EventCountry "POR"]
[SourceTitle "CBM 185 Extra"]
[Source "ChessBase"]
[SourceDate "2018.07.29"]
[SourceVersion "1"]
[SourceVersionDate "2018.07.29"]
[SourceQuality "1"]

1. e4 e5 2. Nf3 Nc6 3. Bc4 Bc5 4. c3 Nf6 5. d3 0-0 6. Bb3 d6 7. Be3 Bb6 8. Nbd2 Bg4 9. h3 Bh5 10. g4 Bg6 11. Qe2 Re8 12. 0-0-0 d5 13. exd5 Nxd5 14. Nf1 Bxe3+ 15. fxe3 Nb6 16. e4 Qf6 17. Kb1 Rad8 18. Ng3 Na5 19. Bc2 c5 20. c4 Nc6 21. h4 Qf4 22. h5 Qxg3 23. hxg6 hxg6 24. Rdf1 Qxg4 25. Rhg1 Qd7 26. Qh2 f6 27. Rxg6 Qf7 28. Qh6 Kf8 29. Qh5 Ne7 30. Nxe5 Qe6 31. Qh8+ Qg8 32. Rgxf6+ 1-0

[Event "Gaia Profigaia op 18th"]
[Site "Vila Nova de Gaia"]
[Date "2018.06.28"]
[Round "2"]
[White "Coelho, Goncalo Cavaz"]
[Black "Frolov, Ilya"]
[Result "1-0"]
[WhiteElo "1136"]
[BlackElo "1274"]
[PlyCount "93"]
[EventDate "2018.06.27"]
[EventType "swiss"]
[EventRounds "7"]
[EventCountry "POR"]
[SourceTitle "CBM 185 Extra"]
[Source "ChessBase"]
[SourceDate "2018.07.29"]
[SourceVersion "1"]
[SourceVersionDate "2018.07.29"]
[SourceQuality "1"]

1. e4 e5 2. Nf3 Nc6 3. Bc4 Nf6 4. 0-0 Nxe4 5. Re1 d5 6. Bb5 Bd6 7. d3 Nf6 8. Nxe5 0-0 9. Nxc6 bxc6 10. Bxc6 Rb8 11. Nc3 Be6 12. b3 Bb4 13. Bd2 Rb6 14. Ba4 Bd7 15. Bxd7 Qxd7 16. a3 Bxc3 17. Bxc3 Qc6 18. Bb4 Rd8 19. Re7 d4 20. Qd2 Nd5 21. Ree1 Rb5 22. Re4 Qb6 23. Rae1 Nf6 24. Re5 c5 25. Qe2 Qc6 26. c4 dxc3 27. Bxc3 Rxb3 28. Ba5 Rf8 29. Qc2 Qa4 30. Qxc5 Rxa3 31. Bb4 Nd7 32. Re8 Nxc5 33. Rxf8+ Kxf8 34. Bxc5+ Kg8 35. Bxa3 f6 36. Bc1 Qd4 37. h3 Qxd3 38. Be3 Qe4 39. Ra1 g5 40. Ra6 Kg7 41. Rxa7+ Kg6 42. g4 h5 43. gxh5+ Kxh5 44. Rf7 Qg6 45. Rf8 f5 46. Rh8+ Qh6 47. Rxh6+ 1-0